Normal view
MARC view
- VIBRATION.ENGINEERING VIBRATIONS
Entry Topical Term
001 - CONTROL NUMBER
- control field: 61590
003 - CONTROL NUMBER IDENTIFIER
- control field: NUST
005 - DATE AND TIME OF LATEST TRANSACTION
- control field: 20210628202759.0
008 - FIXED-LENGTH DATA ELEMENTS
- fixed length control field: 210628|| aca||aabn | a|a d
040 ## - CATALOGING SOURCE
- Original cataloging agency: NUST
- Transcribing agency: NUST
150 ## - HEADING--TOPICAL TERM
- Topical term or geographic name entry element: VIBRATION.ENGINEERING VIBRATIONS
670 ## - SOURCE DATA FOUND
- Source citation: Work cat.: (NUST): Bottega, William J 61589, Engineering vibrations, 2006
